000 01257cam a2200349 i 4500
001 41373
003 Mx-PuUPA
005 20241113105118.0
008 140415s1977 sp gr 000 0aspa d
020 _a8423906337
040 _aMx-PuUPA
_bspa
_cMx-PuUPA
_dMx-PuUPA
_erda
041 0 _aspa
100 1 _aColumbus, Christopher
_d1451-1506
_916441
_eautor
245 1 4 _aCristóbla Colón :
_blos cuatro viajes del almirante y su testamento /
_cedición y prólogo de Ignacio B. Anzoátegui
246 3 _aLos cuatro viajes del almirante y su testamento.
250 _aSexta edición
264 1 _aMadrid :
_bEspasa Calpe,
_c1977
300 _a221 páginas ;
_c18 cm
336 _2rdacontent
_atexto
_btxt
337 _2rdamedia
_asin medio
_bn
338 _2rdacarrier
_avolumen
_bnc
490 0 _aColección Austral ;
_v633
600 1 4 _aColumbus, Christopher,
_d1451-1506
_vAutobiografía
650 7 _2armarc
_aDescubrimientos geográficos
_zEspaña
_x
650 7 _2armarc
_aViajes marítimos
651 4 _aAmérica
_xDescubrimiento y exploración
_zEspaña
_ySiglo XV - XVI
700 1 _aAnzoátegui, Ignacio B.,
_eeditor
942 _2ddc
_cLI
_h970.015
_iC68
999 _c41373
_d41373